[Event "chess.com IoM Masters"]
[Site "Douglas ENG"]
[Date "2016.10.03"]
[Round "3.10"]
[White "Eljanov, Pavel"]
[Black "Gagare, Shardul"]
[Result "1-0"]
[WhiteTitle "GM"]
[BlackTitle "GM"]
[WhiteElo "2741"]
[BlackElo "2480"]
[WhiteFideId "14102951"]
[BlackFideId "5037883"]
[EventDate "2016.10.01"]

1. e4 e6 2. d4 d5 3. Nc3 Nf6 4. e5 Nfd7 5. f4 c5 6. Nf3 Nc6 7. Be3 Be7 8. Qd2
O-O 9. dxc5 Bxc5 10. O-O-O Qa5 11. a3 Rb8 12. Bxc5 Nxc5 13. Qe3 Qb6 14. Nd4 Nxd4
15. Qxd4 Bd7 16. h4 Bc6 17. h5 Nd7 18. h6 Qxd4 19. Rxd4 g5 20. b4 b6 21. Rh5 f6
22. exf6 gxf4 23. Rxf4 Rxf6 24. Rxf6 Nxf6 25. Rg5+ Kh8 26. Rg7 Ng8 27. Rxa7 Nxh6
28. Bd3 Nf5 29. Rc7 Ba8 30. g4 Ng7 31. Na4 e5 32. Nxb6 e4 33. Ba6 h5 34. Nxa8 h4
35. g5 Ne6 36. Rc6 Nxg5 37. Rc8+ Rxc8 38. Bxc8 e3 39. Kd1 Ne4 40. Nc7 1-0

[Event "chess.com IoM Masters"]
[Site "Douglas ENG"]
[Date "2016.10.03"]
[Round "3.11"]
[White "Schroeder, Jan-Christian"]
[Black "Leko, Peter"]
[Result "1/2-1/2"]
[WhiteTitle "GM"]
[BlackTitle "GM"]
[WhiteElo "2514"]
[BlackElo "2709"]
[WhiteFideId "24662259"]
[BlackFideId "703303"]
[EventDate "2016.10.01"]

1. e4 c5 2. Nf3 d6 3. d4 cxd4 4. Nxd4 Nf6 5. Nc3 a6 6. Be3 e5 7. Nf3 Qc7 8. a4
Be6 9. a5 Be7 10. Be2 O-O 11. O-O h6 12. Nd5 Nxd5 13. exd5 Bg4 14. c4 Nd7 15. b4
Bxf3 16. gxf3 Qd8 17. Kh1 Bg5 18. Qd2 Bxe3 19. fxe3 Rc8 20. Rac1 g6 21. Rc3 Qh4
22. Qe1 Qe7 23. Qg3 Nf6 24. Rfc1 Kg7 25. Bf1 e4 26. f4 Rfd8 27. Be2 Qd7 28. Qe1
Rc7 29. Qd2 Qe7 30. Rg1 Kh7 31. Rcc1 Rcd7 32. Qd4 Rg8 33. Rg2 Rgd8 34. Rcg1 Rg8
35. Bd1 Rdd8 36. Bb3 Nh5 37. c5 Ng7 38. c6 Nf5 39. Qc3 Rc8 40. Rc2 Rc7 41. Qd2
Nh4 42. Qf2 f5 43. Bc4 g5 44. Be2 Qf6 45. h3 Rgg7 46. fxg5 hxg5 47. Qg3 Kh6 48.
Rf1 Rg6 1/2-1/2

[Event "chess.com IoM Masters"]
[Site "Douglas ENG"]
[Date "2016.10.03"]
[Round "3.12"]
[White "Fressinet, Laurent"]
[Black "Khmelniker, Ilya"]
[Result "1-0"]
[WhiteTitle "GM"]
[BlackTitle "GM"]
[WhiteElo "2676"]
[BlackElo "2493"]
[WhiteFideId "608742"]
[BlackFideId "2805340"]
[EventDate "2016.10.01"]

1. e4 e5 2. Nf3 Nc6 3. Bc4 Bc5 4. O-O Nf6 5. d3 O-O 6. h3 d6 7. c3 Bb6 8. a4 a6
9. Re1 h6 10. Nbd2 Ne7 11. d4 d5 12. Bd3 exd4 13. e5 Nh5 14. cxd4 Nf4 15. Bb1
Bf5 16. Nf1 Ne6 17. Ng3 Bxb1 18. Rxb1 c5 19. dxc5 Bxc5 20. Nh2 Qb6 21. Ng4 Bb4
22. Re3 Rfc8 23. Nh5 Nf5 24. Rd3 Qc6 25. Ngf6+ gxf6 26. Qg4+ Nfg7 27. Nxf6+ Kh8
28. Bxh6 Qc4 29. Bxg7+ Nxg7 30. Rd4 1-0

[Event "chess.com IoM Masters"]
[Site "Douglas ENG"]
[Date "2016.10.03"]
[Round "3.14"]
[White "Kiewra, Keaton F"]
[Black "Granda Zuniga, Julio E"]
[Result "0-1"]
[WhiteTitle "IM"]
[BlackTitle "GM"]
[WhiteElo "2454"]
[BlackElo "2648"]
[WhiteFideId "2019280"]
[BlackFideId "3800024"]
[EventDate "2016.10.01"]

1. d4 Nf6 2. Bg5 c6 3. Nd2 Qb6 4. Nb3 a5 5. a4 d6 6. Nf3 Ne4 7. Be3 Nd7 8. g3
Ndf6 9. Nfd2 Nxd2 10. Bxd2 Be6 11. Ra3 Bc4 12. Bg2 e5 13. Bc3 d5 14. dxe5 Bxa3
15. exf6 Bb4 16. fxg7 Bxc3+ 17. bxc3 Rg8 18. Nd4 c5 19. Nf3 Qb2 20. O-O Qxc3 21.
Qb1 b5 22. axb5 Rxg7 23. Nh4 Kf8 24. b6 Rb8 25. Nf5 Rg6 26. b7 Bxe2 27. Rc1 d4
28. Qb3 Re6 29. Qxc3 dxc3 30. Ra1 Bb5 31. Ne3 a4 32. Ra3 Ra6 33. Be4 Ke7 34.
Nd5+ Kd6 35. Nxc3 Bc6 36. Bxh7 Rxb7 37. h4 c4 38. g4 Re7 39. Ra1 Kc5 40. Kf1 Kb4
41. Nd1 a3 42. Rb1+ Kc5 43. h5 Bf3 44. Ne3 a2 45. Ra1 Rb7 46. c3 Rab6 0-1

[Event "chess.com IoM Masters"]
[Site "Douglas ENG"]
[Date "2016.10.03"]
[Round "3.15"]
[White "Meier, Georg"]
[Black "Romanishin, Oleg M"]
[Result "1/2-1/2"]
[WhiteTitle "GM"]
[BlackTitle "GM"]
[WhiteElo "2648"]
[BlackElo "2456"]
[WhiteFideId "4675789"]
[BlackFideId "14100088"]
[EventDate "2016.10.01"]

1. Nf3 Nf6 2. g3 d5 3. Bg2 g6 4. d4 Bg7 5. c4 dxc4 6. Na3 O-O 7. O-O Nc6 8. Nxc4
Be6 9. b3 Bd5 10. Bb2 a5 11. Ne3 Be4 12. a3 Qc8 13. Nc4 Rd8 14. e3 Bf5 15. Qe2
Bg4 16. Rfe1 e5 17. dxe5 Nd7 18. e6 Bxe6 19. Bxg7 Kxg7 20. Rad1 h6 21. Nd4 Nxd4
22. Rxd4 Nf6 23. Red1 Rxd4 24. Rxd4 Ra6 25. e4 b5 26. Ne3 Rd6 27. Nd5 Bxd5 28.
exd5 c5 29. Rd1 c4 30. Rc1 Qc5 31. Qb2 Kh7 32. Bf1 Nxd5 33. bxc4 bxc4 34. Rxc4
Qb6 35. Qxb6 Nxb6 36. Rc7 Kg7 37. Bb5 a4 38. Be8 Rf6 39. Ra7 Kf8 40. Bxa4 Nxa4
41. Rxa4 Rf3 42. h4 h5 43. Kf1 Rb3 44. Ke2 Kg7 45. Ra6 Kh7 46. a4 Ra3 47. a5 Kg7
48. Ra7 Kf6 49. a6 Ke5 50. Kd2 f5 51. Kc2 f4 52. Kb2 Ra5 53. Kb3 fxg3 54. fxg3
Ra1 55. Kb4 Kf5 56. Kb5 Rb1+ 57. Kc6 Rc1+ 58. Kb6 Rb1+ 59. Kc5 Ra1 60. Kb6 Rb1+
61. Kc5 Ra1 1/2-1/2

[Event "chess.com IoM Masters"]
[Site "Douglas ENG"]
[Date "2016.10.03"]
[Round "3.16"]
[White "Lou, Yiping"]
[Black "Bachmann, Axel"]
[Result "1/2-1/2"]
[WhiteTitle "IM"]
[BlackTitle "GM"]
[WhiteElo "2458"]
[BlackElo "2645"]
[WhiteFideId "8603928"]
[BlackFideId "3700488"]
[EventDate "2016.10.01"]

1. d4 d5 2. c4 dxc4 3. Nf3 Nf6 4. e3 b5 5. a4 b4 6. Bxc4 e6 7. O-O Be7 8. Qe2
O-O 9. e4 Bb7 10. e5 Nd5 11. Qe4 c5 12. Qg4 Kh8 13. Bg5 Nd7 14. Nbd2 Bxg5 15.
Nxg5 Qe7 16. Ngf3 f5 17. exf6 gxf6 18. Rfe1 f5 19. Qg5 Rf6 20. Bxd5 Bxd5 21.
dxc5 Rg8 22. Qe3 Qg7 23. g3 f4 24. Qe2 fxg3 25. fxg3 Rgf8 26. Rf1 Qg4 27. Qd3
Nxc5 28. Qe3 Nb3 29. Nxb3 Rxf3 30. Rxf3 Rxf3 31. Qe5+ Kg8 32. Nc5 Rf5 33. Qe3
Qg7 34. Qd2 Qg4 35. Qe3 Rf3 36. Qe5 h6 37. Re1 Rf5 38. Qe3 Rf3 39. Qe5 Rf7 40.
Ne4 Qf3 41. Qb8+ Kh7 42. Qxb4 Qd3 43. Nd2 Qc2 44. Qd4 Rd7 45. Ne4 Rf7 46. a5 1/2-1/2

[Event "chess.com IoM Masters"]
[Site "Douglas ENG"]
[Date "2016.10.03"]
[Round "3.17"]
[White "Gupta, Abhijeet"]
[Black "Daulyte, Deimante"]
[Result "1-0"]
[WhiteTitle "GM"]
[BlackTitle "IM"]
[WhiteElo "2626"]
[BlackElo "2429"]
[WhiteFideId "5010608"]
[BlackFideId "12802859"]
[EventDate "2016.10.01"]

1. d4 Nf6 2. c4 e6 3. g3 d5 4. Bg2 Be7 5. Nf3 O-O 6. O-O dxc4 7. Qc2 b6 8. Bg5
Ba6 9. Rd1 Nd5 10. Bd2 Nd7 11. e4 N5f6 12. Nc3 Bb7 13. Bg5 h6 14. Bxf6 Nxf6 15.
Ne5 c6 16. Nxc4 Qc7 17. Rab1 Rfd8 18. b4 Rac8 19. Qb3 Ba6 20. Ne3 c5 21. bxc5
bxc5 22. d5 Rb8 23. Qc2 Rb4 24. a3 Rd4 25. Qb3 exd5 26. exd5 Qd7 27. Qc2 g6 28.
Ne2 Ra4 29. Nf4 Rxf4 30. gxf4 Bd6 31. f5 Qe7 32. Qa4 Bc8 33. Re1 Qc7 34. h3 g5
35. Qc6 Nh5 36. Nc4 Bh2+ 37. Kh1 Bxf5 38. Rb7 Qf4 39. Re8+ Kg7 40. Rxd8 Be4 41.
Rxf7+ Qxf7 42. Rd7 1-0

[Event "chess.com IoM Masters"]
[Site "Douglas ENG"]
[Date "2016.10.03"]
[Round "3.18"]
[White "L'Ami, Erwin"]
[Black "Karavade, Eesha"]
[Result "1-0"]
[WhiteTitle "GM"]
[BlackTitle "IM"]
[WhiteElo "2605"]
[BlackElo "2421"]
[WhiteFideId "1007998"]
[BlackFideId "5012600"]
[EventDate "2016.10.01"]

1. c4 e6 2. Nc3 d5 3. d4 Bb4 4. a3 Bxc3+ 5. bxc3 Nf6 6. cxd5 exd5 7. e3 Bf5 8.
f3 O-O 9. Ne2 Re8 10. g4 Bxg4 11. fxg4 Nxg4 12. Ng3 Nxe3 13. Bxe3 Rxe3+ 14. Kf2
Qg5 15. Qc1 Qf4+ 16. Kg1 Nc6 17. Nf5 Qg4+ 18. Bg2 Re6 19. Ne3 Qh4 20. Qd2 Rae8
21. Nxd5 Re2 22. Qf4 Re1+ 23. Rxe1 Qxe1+ 24. Bf1 Re6 25. h3 Rd6 26. Rh2 h6 27.
Rf2 Nd8 28. Qf3 c6 29. Nf4 Rf6 30. Re2 Qc1 31. Qe3 Qxa3 32. Rg2 Qd6 33. Qe8+ Kh7
34. Nh5 1-0

[Event "chess.com IoM Masters"]
[Site "Douglas ENG"]
[Date "2016.10.03"]
[Round "3.19"]
[White "Kojima, Shinya"]
[Black "Lalith, Babu M R"]
[Result "1/2-1/2"]
[WhiteTitle "IM"]
[BlackTitle "GM"]
[WhiteElo "2399"]
[BlackElo "2586"]
[WhiteFideId "7000812"]
[BlackFideId "5024595"]
[EventDate "2016.10.01"]

1. Nf3 Nf6 2. c4 b6 3. g3 c5 4. Bg2 Bb7 5. Nc3 g6 6. O-O Bg7 7. d4 cxd4 8. Qxd4
d6 9. Rd1 Nbd7 10. Be3 Rc8 11. Rac1 O-O 12. Qh4 a6 13. b3 Re8 14. Bh3 Ba8 15.
Bh6 Bxf3 16. exf3 Rc5 17. Bxg7 Kxg7 18. Qd4 Kg8 19. f4 Qb8 20. a4 Qc7 21. Re1
Rh5 22. Bxd7 Qxd7 23. Ne4 Nxe4 24. Qxe4 Rc5 25. Rcd1 Qc7 26. Rd5 e6 27. Rd3 b5
28. cxb5 axb5 29. a5 d5 30. Qb4 Ra8 31. Ra1 h5 32. Rdd1 Rc2 33. h4 Qc6 34. Qd4
Ra6 35. f5 gxf5 36. Qf6 Qc3 37. Qg5+ Qg7 38. Qxh5 f4 39. Rac1 Rac6 40. Rxc2 Rxc2
41. g4 b4 42. a6 Ra2 43. Rc1 Ra1 1/2-1/2

[Event "chess.com IoM Masters"]
[Site "Douglas ENG"]
[Date "2016.10.03"]
[Round "3.20"]
[White "Shvayger, Yuliya"]
[Black "Donchenko, Alexander"]
[Result "1/2-1/2"]
[WhiteTitle "WIM"]
[BlackTitle "GM"]
[WhiteElo "2405"]
[BlackElo "2581"]
[WhiteFideId "14100126"]
[BlackFideId "24603295"]
[EventDate "2016.10.01"]

1. e4 c5 2. Nf3 d6 3. d4 cxd4 4. Nxd4 Nf6 5. Nc3 a6 6. g3 e5 7. Nb3 Be7 8. Bg2
b5 9. Nd5 Nxd5 10. Qxd5 Ra7 11. Be3 Be6 12. Qd2 Rb7 13. O-O O-O 14. Na5 Rd7 15.
c4 bxc4 16. Rfd1 c3 17. Qxc3 d5 18. exd5 Bxd5 19. Bxd5 Rxd5 20. Rxd5 Qxd5 21. a4
h5 22. h4 e4 23. Rc1 Bf6 24. Qc5 Qxc5 25. Bxc5 Rc8 26. b4 Nd7 27. Nb3 Ne5 28.
Kg2 Nd3 29. Rc4 Nb2 30. Rxe4 Nxa4 31. Bd4 Nc3 32. Re1 Bxd4 33. Nxd4 Rc4 34. Nf3
Ne4 35. Rd1 Rxb4 36. Rd8+ Kh7 37. Nd2 Nf6 38. Rf8 Rb7 39. Ra8 Rb2 40. Nc4 Rc2
41. Ne3 Ra2 42. Ra7 Kg6 43. Kf3 Ra3 44. Kg2 Ne4 45. Kf3 Nd6 46. Kg2 Ra2 47. Nd5
Ne4 48. Nf4+ Kh6 49. Nd3 Ra3 50. Nb4 a5 51. Nc6 a4 52. Rxf7 Rc3 53. Nd4 Rc4 54.
Nf3 Rc2 55. Nd4 Rd2 56. Nb5 Rb2 57. Na3 Rb3 58. Nc4 Rb4 59. Ne3 a3 60. Ra7 Rb2
61. Rxa3 Rxf2+ 62. Kg1 Rf3 63. Ra6+ g6 64. Nf1 Nxg3 65. Nxg3 Rxg3+ 66. Kh2 Rf3
67. Ra7 Rf8 68. Kg3 Rg8 69. Rb7 Rg7 70. Rb6 Re7 71. Ra6 Re3+ 72. Kg2 Kg7 73. Rb6
Kf7 74. Ra6 Re6 75. Ra5 Kf6 76. Ra3 Re4 77. Kg3 Rd4 78. Re3 Rg4+ 79. Kh3 Kf5 80.
Ra3 Rd4 81. Kg3 Ke4 82. Ra6 Rd3+ 83. Kh2 Kf5 84. Ra5+ Kf4 85. Ra6 Kf5 1/2-1/2

[Event "chess.com IoM Masters"]
[Site "Douglas ENG"]
[Date "2016.10.03"]
[Round "3.21"]
[White "Marin, Mihail"]
[Black "Tania, Sachdev"]
[Result "1/2-1/2"]
[WhiteTitle "GM"]
[BlackTitle "IM"]
[WhiteElo "2569"]
[BlackElo "2414"]
[WhiteFideId "1200020"]
[BlackFideId "5007844"]
[EventDate "2016.10.01"]

1. d4 Nf6 2. c4 e6 3. g3 d5 4. Bg2 Be7 5. Nf3 O-O 6. O-O dxc4 7. Ne5 c5 8. dxc5
Bxc5 9. Nxc4 Nc6 10. Nc3 Qe7 11. Bg5 h6 12. Bxf6 Qxf6 13. Ne4 Qe7 14. e3 Rd8 15.
Qe2 Bd7 16. Rac1 Be8 17. a3 Bb6 18. Nxb6 axb6 19. Rfd1 Na7 20. Rxd8 Rxd8 21. Rd1
Bc6 22. Rxd8+ Qxd8 23. Qd2 Qxd2 24. Nxd2 Bxg2 25. Kxg2 Kf8 26. Kf3 Ke7 27. Ke4
f5+ 28. Kd3 Kd6 29. f4 Nc6 30. Kc4 e5 31. Nf3 e4 32. Nd4 Nxd4 33. Kxd4 b5 34. h3
h5 35. h4 g6 36. Kc3 Kc5 37. Kb3 Kc6 38. Kb4 Kb6 39. Kc3 Kc5 40. Kb3 Kc6 41. Kb4
Kb6 42. b3 Kc6 43. Kc3 Kc5 44. Kc2 b6 45. Kd2 b4 46. a4 Kd5 1/2-1/2

[Event "chess.com IoM Masters"]
[Site "Douglas ENG"]
[Date "2016.10.03"]
[Round "3.22"]
[White "Svane, Rasmus"]
[Black "Mannion, Stephen R"]
[Result "1/2-1/2"]
[WhiteTitle "GM"]
[BlackTitle "IM"]
[WhiteElo "2552"]
[BlackElo "2313"]
[WhiteFideId "4657101"]
[BlackFideId "2400111"]
[EventDate "2016.10.01"]

1. c4 e5 2. g3 c6 3. Nf3 e4 4. Nd4 Nf6 5. d3 exd3 6. Qxd3 Bb4+ 7. Bd2 Bxd2+ 8.
Nxd2 O-O 9. Bg2 d5 10. O-O Nbd7 11. cxd5 cxd5 12. Rac1 Qb6 13. Qc3 Ne5 14. a4
Bd7 15. a5 Qd6 16. Qb3 Rab8 17. Nb5 Qa6 18. Nc3 Qxa5 19. Ra1 Qc5 20. Nxd5 Nxd5
21. Qxd5 Qxd5 22. Bxd5 Bc6 23. Bxc6 Nxc6 24. Rfd1 Rfd8 25. Ne4 Kf8 26. f4 Rxd1+
27. Rxd1 Rd8 28. Rxd8+ Nxd8 29. Kf2 Ke7 30. Ke3 Nc6 31. Kd3 b5 32. Nc3 a6 33. e4
f6 34. h4 Kd6 35. Nd5 f5 36. Ne3 fxe4+ 37. Kxe4 g6 38. g4 a5 39. f5 gxf5+ 40.
Nxf5+ Kc5 41. g5 a4 42. h5 b4 43. g6 hxg6 44. hxg6 a3 45. bxa3 bxa3 46. g7 a2
47. g8=Q a1=Q 48. Qd5+ Kb6 1/2-1/2

[Event "chess.com IoM Masters"]
[Site "Douglas ENG"]
[Date "2016.10.03"]
[Round "3.23"]
[White "Aravindh, Chithambaram VR."]
[Black "Paehtz, Thomas"]
[Result "1-0"]
[WhiteTitle "GM"]
[BlackTitle "GM"]
[WhiteElo "2564"]
[BlackElo "2356"]
[WhiteFideId "5072786"]
[BlackFideId "4611349"]
[EventDate "2016.10.01"]

1. e4 e6 2. d4 d5 3. Nc3 Bb4 4. exd5 exd5 5. Bd3 Nc6 6. a3 Bxc3+ 7. bxc3 Nge7 8.
Qf3 Be6 9. Rb1 b6 10. Ne2 Qd7 11. Ng3 Bg4 12. Qf4 Ng6 13. Qe3+ Qe7 14. O-O Qxe3
15. fxe3 Na5 16. e4 dxe4 17. Bxe4 Rd8 18. h3 Be6 19. Bg5 Rd7 20. Rbd1 c6 21. h4
h6 22. h5 Ne7 23. Bxe7 Rxe7 24. Rfe1 O-O 25. c4 Bg4 26. Bd3 Rxe1+ 27. Rxe1 Be6
28. c5 Rd8 29. Rb1 b5 30. c3 Kf8 31. Kf2 Re8 32. Be4 Bd7 33. a4 a6 34. axb5 axb5
35. Ra1 Nc4 36. Ra6 Re6 37. Bf5 Rf6 38. Ra8+ Be8 39. Ke2 Ke7 40. Ra7+ Kf8 41.
Ra8 Ke7 42. Bh3 g6 43. Ne4 1-0

[Event "chess.com IoM Masters"]
[Site "Douglas ENG"]
[Date "2016.10.03"]
[Round "3.24"]
[White "Wang, Hao"]
[Black "Van Foreest, Lucas"]
[Result "0-1"]
[WhiteTitle "GM"]
[WhiteElo "2701"]
[BlackElo "2350"]
[WhiteFideId "8602883"]
[BlackFideId "1039792"]
[EventDate "2016.10.01"]

1. c4 Nf6 2. Nc3 e6 3. e4 d5 4. cxd5 exd5 5. e5 d4 6. exf6 dxc3 7. Bb5+ c6 8.
Qe2+ Be6 9. Bc4 cxd2+ 10. Bxd2 Qxf6 11. Nf3 Be7 12. O-O Bxc4 13. Qxc4 O-O 14.
Rfe1 Bd6 15. Bc3 Qh6 16. Re4 Nd7 17. Rg4 Nf6 18. Bd2 Qh5 19. Rg5 Qh6 20. Qc2
Rad8 21. h3 Rfe8 22. Rf5 Re2 23. Kf1 Rde8 24. Qd1 Qg6 25. Nh4 Rxf2+ 26. Rxf2
Qd3+ 27. Re2 Nh5 28. Be1 Qa6 29. Kf2 Rd8 30. Nf5 Bc5+ 31. Nd4 Bxd4+ 32. Kf1 0-1

[Event "chess.com IoM Masters"]
[Site "Douglas ENG"]
[Date "2016.10.03"]
[Round "3.25"]
[White "Wallace, John Paul"]
[Black "Shyam, Sundar M."]
[Result "1/2-1/2"]
[WhiteTitle "IM"]
[BlackTitle "GM"]
[WhiteElo "2355"]
[BlackElo "2552"]
[WhiteFideId "3200957"]
[BlackFideId "5019141"]
[EventDate "2016.10.01"]

1. d4 Nf6 2. c4 e6 3. Nf3 d5 4. Nc3 Bb4 5. Qa4+ Nc6 6. e3 O-O 7. Bd2 a5 8. a3
Bxc3 9. Bxc3 Ne7 10. Be2 b6 11. b4 Ne4 12. Bb2 dxc4 13. Bxc4 Nd6 14. Bd3 Bb7 15.
b5 Rc8 16. Qd1 Be4 17. Ng5 Bxd3 18. Qxd3 Ng6 19. h4 Nf5 20. g3 c6 21. e4 Nd6 22.
bxc6 Rxc6 23. d5 exd5 24. Qxd5 Nxe4 25. Qxd8 Rxd8 26. Nxe4 Re8 27. f3 f5 28. O-O
fxe4 29. Rae1 Rc4 30. Re3 Ne5 31. Rfe1 h5 32. Bxe5 Rxe5 33. Rxe4 Rexe4 34. fxe4
Kf7 35. Kf2 Rc2+ 36. Kf3 Rc3+ 37. Kf4 a4 38. Ra1 Kf6 39. Rb1 Rb3 40. Rc1 Ke6 41.
Rc6+ Ke7 42. e5 b5 43. Rb6 g6 44. g4 hxg4 45. Kxg4 Kd7 46. e6+ Ke7 47. Kg5 Rxa3
48. Rxb5 Rg3+ 49. Kf4 Rh3 50. Kg4 Rb3 51. Ra5 Rb4+ 52. Kg5 Kxe6 53. Ra6+ Kf7 54.
Rf6+ Ke7 55. Rxg6 Rb5+ 56. Kf4 Ra5 57. Ke3 a3 58. Rg1 Kd6 59. Kd3 a2 60. Ra1 Kc5
61. Kc3 Ra3+ 62. Kb2 Rh3 63. Rc1+ 1/2-1/2

[Event "chess.com IoM Masters"]
[Site "Douglas ENG"]
[Date "2016.10.03"]
[Round "3.26"]
[White "Kavutskiy, Konstantin"]
[Black "Sunilduth Lyna, Narayanan"]
[Result "0-1"]
[WhiteTitle "FM"]
[BlackTitle "GM"]
[WhiteElo "2332"]
[BlackElo "2536"]
[WhiteFideId "2026384"]
[BlackFideId "5058422"]
[EventDate "2016.10.01"]

1. d4 Nf6 2. c4 e6 3. Nc3 Bb4 4. Qc2 b6 5. e4 c5 6. d5 Qe7 7. Ne2 exd5 8. exd5
O-O 9. Bg5 d6 10. O-O-O Re8 11. f3 h6 12. Bh4 a6 13. Kb1 Nbd7 14. Nc1 Bxc3 15.
bxc3 Qd8 16. f4 b5 17. Ka1 Qa5 18. Bd3 bxc4 19. Bf5 Bb7 20. g4 Bxd5 21. Rhg1 Be4
22. Bxe4 Nxe4 23. Ne2 Rab8 24. g5 hxg5 25. fxg5 Nf8 26. Bg3 Nf2 27. Bxf2 Rxe2
28. Rd2 Rxd2 29. Qxd2 d5 30. Qc2 Qb6 31. Rd1 Qc6 32. h4 Ne6 33. g6 fxg6 34. Bg3
Rb7 35. Be5 Nf8 36. Rg1 Qe6 37. Re1 Re7 38. Qh2 Qf5 0-1

[Event "chess.com IoM Masters"]
[Site "Douglas ENG"]
[Date "2016.10.03"]
[Round "3.27"]
[White "Peek, Marcel"]
[Black "Vishnu Prasanna, V"]
[Result "1/2-1/2"]
[WhiteTitle "IM"]
[BlackTitle "GM"]
[WhiteElo "2319"]
[BlackElo "2522"]
[WhiteFideId "1000462"]
[BlackFideId "5030692"]
[EventDate "2016.10.01"]

1. d4 d5 2. c4 e6 3. Nf3 Nf6 4. Nc3 c6 5. Bg5 h6 6. Bxf6 Qxf6 7. e3 g6 8. Be2
Bg7 9. O-O O-O 10. cxd5 exd5 11. b4 a6 12. a4 Be6 13. b5 a5 14. Rc1 Nd7 15. Qb3
Rfc8 16. Rfd1 Qe7 17. Qb1 Qa3 18. Rd2 Rab8 19. h3 Qe7 20. Rdd1 c5 21. dxc5 Rxc5
22. Na2 Nb6 23. Rxc5 Qxc5 24. Rc1 Qa3 25. Nd4 Bxd4 26. exd4 Qxa4 27. Qb2 Rc8 28.
Rc5 Nc4 29. Bxc4 dxc4 30. Nc3 Qb4 31. Rxc8+ Bxc8 32. Qd2 a4 33. Qe3 a3 34. Nd5
Qxb5 35. Qe5 Bd7 36. Nf6+ Kg7 37. Nd5+ Kg8 38. Nf6+ Kg7 39. Nd5+ Kg8 1/2-1/2

[Event "chess.com IoM Masters"]
[Site "Douglas ENG"]
[Date "2016.10.03"]
[Round "3.28"]
[White "Hillarp Persson, Tiger"]
[Black "Jackson, James P"]
[Result "1-0"]
[WhiteTitle "GM"]
[BlackTitle "FM"]
[WhiteElo "2513"]
[BlackElo "2311"]
[WhiteFideId "1700812"]
[BlackFideId "416860"]
[EventDate "2016.10.01"]

1. d4 Nf6 2. c4 c5 3. d5 e6 4. Nc3 exd5 5. cxd5 d6 6. Nf3 g6 7. Bf4 a6 8. a4 Bg7
9. h3 O-O 10. e3 Ne8 11. Be2 Nd7 12. O-O Qe7 13. Re1 Ne5 14. Nd2 f5 15. Bh2 g5
16. f4 Ng6 17. Nc4 gxf4 18. exf4 Rb8 19. Bf1 Qd8 20. Qb3 b6 21. Na5 Qc7 22. Nc6
Ra8 23. Qc4 Kh8 24. g3 Nf6 25. Bg2 Bd7 26. Rad1 Qb7 27. b4 cxb4 28. Qxb4 Qc7 29.
Rb1 Be8 30. Kh1 Nd7 31. Ne2 Nc5 32. Ned4 Nd3 33. Ne6 Qf7 34. Qxd6 Nxe1 35. Rxe1
Bxc6 36. Nxf8 Bxa4 37. Ne6 Rc8 38. Qxb6 Bb5 39. Bg1 Bf6 40. Bd4 Kg8 41. h4 h6
42. Bxf6 Qxf6 43. Qd4 Kf7 44. d6 Qxd4 45. Nxd4 Bd7 46. h5 Nf8 47. Re7+ Kf6 48.
Bd5 Be8 49. Kh2 Bxh5 50. Rc7 Rd8 51. Rc6 a5 52. d7+ Ke7 53. Rxh6 Rxd7 54. Nxf5+
Kd8 55. Ne3 Be2 56. Kg2 Kc7 57. Rf6 Rd8 58. Rc6+ Kb8 59. Kf2 Bh5 60. Ra6 Nd7 61.
Rxa5 Nb6 62. Bf3 Bf7 63. g4 Rd2+ 64. Kg3 Rd3 65. Re5 Kc8 66. g5 Kd8 67. Be2 Ra3
68. Kf2 Nd7 69. Re4 Nc5 70. Rd4+ Ke8 71. Nf5 Ne6 72. Re4 Kf8 73. Nh6 Nc5 74. Re5
Rc3 75. Nxf7 Kxf7 76. f5 Kf8 77. Re3 Rc2 78. Kg3 Nd7 79. Bh5 Rd2 80. Re8+ 1-0

[Event "chess.com IoM Masters"]
[Site "Douglas ENG"]
[Date "2016.10.03"]
[Round "3.29"]
[White "Zumsande, Martin"]
[Black "Enkhtuul, Altan-Ulzii"]
[Result "0-1"]
[WhiteTitle "IM"]
[BlackTitle "WGM"]
[WhiteElo "2490"]
[BlackElo "2302"]
[WhiteFideId "4651324"]
[BlackFideId "4901444"]
[EventDate "2016.10.01"]

1. e4 c5 2. Nf3 d6 3. c3 Nf6 4. h3 a6 5. Bd3 Nbd7 6. Bc2 b5 7. d4 Bb7 8. Nbd2
Qc7 9. O-O Rc8 10. a4 b4 11. d5 g6 12. c4 Bg7 13. Re1 O-O 14. Nf1 Ne5 15. Nxe5
dxe5 16. g4 Rcd8 17. Ng3 e6 18. Bg5 h6 19. Be3 Kh7 20. Qe2 Ng8 21. h4 Ne7 22.
Rad1 f5 23. gxf5 exf5 24. exf5 gxf5 25. Qh5 e4 26. Bg5 Kg8 27. Bxe7 Qxe7 28.
Nxf5 Qf7 29. Qxf7+ Rxf7 30. Bxe4 Bc8 31. Nxg7 Kxg7 32. Rd3 Rf4 33. Rg3+ Kf6 34.
h5 Bg4 35. Kg2 Bxh5 36. Rh1 Be2 37. Rxh6+ Ke5 38. Re6+ Kd4 39. b3 Bxc4 40. bxc4
Rxe4 41. Rxa6 Kxc4 42. d6 Rd4 43. Rg6 Kc3 44. Rb6 c4 45. Rg3+ Rd3 46. Rxd3+ cxd3
47. Rc6+ Kd4 48. Kf1 b3 49. Rb6 Kc3 50. Rc6+ Kd2 51. Rb6 Kc2 52. Rc6+ Kd1 53.
Rb6 d2 54. a5 Kc2 55. Rc6+ Kd3 0-1

[Event "chess.com IoM Masters"]
[Site "Douglas ENG"]
[Date "2016.10.03"]
[Round "3.30"]
[White "Batsiashvili, Nino"]
[Black "Webb, Laurence E"]
[Result "1-0"]
[WhiteTitle "IM"]
[BlackTitle "FM"]
[WhiteElo "2480"]
[BlackElo "2280"]
[WhiteFideId "13602993"]
[BlackFideId "402389"]
[EventDate "2016.10.01"]

1. d4 Nf6 2. c4 c5 3. d5 b5 4. cxb5 a6 5. bxa6 g6 6. Nc3 Bg7 7. Nf3 O-O 8. e4
Qa5 9. Nd2 Bxa6 10. Be2 Bxe2 11. Qxe2 Qa6 12. Nc4 e6 13. O-O exd5 14. Nxd5 Nxd5
15. exd5 d6 16. Bf4 Nd7 17. Bxd6 Rfc8 18. Rfe1 Nb6 19. Ne3 Na4 20. Qxa6 Rxa6 21.
Be7 Bxb2 22. d6 Ra7 23. Rad1 Bd4 24. Nd5 Kg7 25. Kf1 Rb8 26. Rxd4 cxd4 27. Bf6+
Kf8 28. Bxd4 Rab7 29. Nf6 Rd8 30. d7 Rbxd7 31. Nxh7+ Kg8 32. Nf6+ Kf8 33. Nxd7+
Rxd7 34. Be3 f5 35. Rc1 Rd3 36. g3 Kf7 37. Rc2 Nc3 38. Bd2 Nd5 39. a4 Ra3 40. a5
Ra4 41. Ke2 Ra3 42. h4 f4 43. gxf4 Ke6 44. Rc4 Kf5 45. Rd4 Nf6 46. Rd3 Ra2 47.
Kf3 Ke6 48. Re3+ Kf7 49. Be1 Ra4 50. Re5 Ra3+ 51. Ke2 Ra2+ 52. Kd3 Ng4 53. Re2
Ra4 54. Re4 Ra3+ 55. Kc4 Ra4+ 56. Bb4 Ra1 57. Re1 Ra2 58. Kb3 1-0

[Event "chess.com IoM Masters"]
[Site "Douglas ENG"]
[Date "2016.10.03"]
[Round "3.31"]
[White "Von Meijenfeldt, Bart"]
[Black "Puranik, Abhimanyu"]
[Result "0-1"]
[WhiteTitle "FM"]
[BlackTitle "IM"]
[WhiteElo "2265"]
[BlackElo "2471"]
[WhiteFideId "1032259"]
[BlackFideId "5061245"]
[EventDate "2016.10.01"]

1. e4 e6 2. d4 d5 3. Nd2 Be7 4. Ngf3 Nf6 5. Bd3 c5 6. e5 Nfd7 7. c3 Nc6 8. Nf1
Qb6 9. dxc5 Qc7 10. Bf4 Ncxe5 11. Nxe5 Nxe5 12. Bb5+ Kf8 13. Qd4 f6 14. b4 b6
15. cxb6 Qxb6 16. Qxb6 axb6 17. Nd2 Ba6 18. Bxa6 Rxa6 19. Bxe5 fxe5 20. Kd1 Kf7
21. Kc2 Rha8 22. Kb2 b5 23. Nb3 d4 24. a3 dxc3+ 25. Kxc3 e4 26. Nc5 Rc6 27. Kb3
Bxc5 28. Rac1 Rac8 29. bxc5 Rxc5 30. Rxc5 Rxc5 31. Kb4 Rf5 32. Re1 Rxf2 33. Kxb5
Rb2+ 34. Kc6 Rxg2 35. Rxe4 Rxh2 36. a4 Ra2 37. Rf4+ Ke7 38. Rh4 h6 39. Kb6 Kd6
40. a5 Rb2+ 0-1